000 00403nam a2200169Ia 4500
001 11687
003 IN-NITTTR
005 20251114233109.0
008 251113s9999||||xx |||||||||||||| ||eng||
040 _beng
040 _cIN-NITTTR
041 _aeng
082 _a658.3 D279P
100 _aDavar, R. S.
245 0 _aPersonnel management and industrial relations /
_cDavar, R. S.
942 _2ddc
_cBK
999 _c14323
_d14323